000 00732nam a22002297a 4500
003 0
005 20251020155200.0
008 251020b xxu||||| |||| 00| 0 eng d
020 _a978-81-97979-66-8
050 _aQA 303
_b.K56 2025
100 _aKing, Archer,
_eauthor.
245 _aUnderstanding calculus with applications /
_cArcher King.
250 _aFirst edition.
260 _aNew Delhi, India :
_bVenus Books,
_c2025.
300 _aix, 272 pages :
_billustrations ;
_c24 cm.
504 _aIncludes bibliographical references and index.
650 _aCalculus
_xTextbooks.
650 _aCalculus
_xApplications.
650 _aMathematics
_xTextbooks.
650 _aMathematical models
_xApplications.
942 _2lcc
_cBK
999 _c368302
_d368302